Mangas par description - Statistiques

Statistiques générales
  • Ce quiz a été pris 4 017 fois
  • Le résultat moyen est 14 sur 20
Statistiques - réponses
Description Manga % Correct
Un jeune ninja veut devenir le chef de son village 1999 Naruto
99%
Un garçon rassemble un équipage pour trouver un trésor légendaire 1997 One Piece
98%
L'humanité survit dans une citadelle pour se protéger de géants anthropophages 2009 L’Attaque des Titans
95%
Un garçon surpuissant aide une jeune fille à trouver des boules de cristal 1984 Dragon Ball
94%
Un jeune homme dispense la justice en tuant des gens à l'aide d'un cahier 2003 Death Note
91%
Un jeune homme bat tous ses adversaires d'un seul coup de poing 2009 One Punch Man
90%
Un garçon veut devenir tueur de démons pour venger sa famille et guérir sa sœur 2016 Demon Slayer
86%
Un garçon sans pouvoir rêve d'intégrer l'école de super-héros de son idole 2014 My Hero Academia
86%
Deux frères recherchent la pierre philosophale qui leur rendra leurs corps 2001 Fullmetal Alchemist
77%
Une jeune fille rêve de rejoindre une célèbre guilde de magiciens 2006 Fairy Tail
76%
Un adolescent veut devenir chasseur de monstres et retrouver son père 1998 Hunter X Hunter
75%
Un enquêteur se voit rajeunir de 10 ans après avoir été empoisonné 1994 Détective Conan
66%
La vie d'un guerrier islandais et l'établissement de colonies en Amérique du Nord 2005 Vinland Saga
61%
Un professeur au passé très douteux doit gérer une classe difficile 1997 GTO
59%
Pour séduire une fille, un garçon intègre l'équipe de basket de son collège 1990 Slam Dunk
45%
Un mercenaire maudit parcourt un monde médiéval pour accomplir sa vengeance 1989 Berserk
42%
Les aventures baroques et décalées d'une famille sur plusieurs générations 1986 Jojo's Bizarre Adventure
40%
Un garçon devient Dieu de la mort et protège les âmes humaines 2001 Bleach
33%
Un homme créé un robot pour tenter de remplacer son fils disparu 1952 Astro, le petit robot
31%
Un motard acquiert d'incroyables pouvoirs psychiques après un accident 1982 Akira
25%
Aucun quiz correspondant
Distribution des résultats
% des personnes avec chaque résultat
Percentile par nombre de réponses
Votre historique - résultats
Vous n’avez pas pris ce quiz